| 000 | 02308cam a22004694i 4500 | ||
|---|---|---|---|
| 003 | PE-LiUPU | ||
| 005 | 20250731173401.0 | ||
| 008 | 150706s r 000 0 d | ||
| 020 | _a9781589661868 | ||
| 035 | _a(Sirsi) i9781589661868 | ||
| 040 |
_aPE-LiUPU _bspa _cPE-LiUPU _erda |
||
| 049 | _aPRUA | ||
| 082 | 0 | 4 |
_a220.48 _bC59 _221 |
| 100 | 1 |
_aClabeaux, John, _eautor. |
|
| 245 | 1 | 0 |
_aNT greek : _ba systems approach / _cJohn Clabeaux. |
| 264 | 1 |
_aScranton : _bUniversity of Scranton Press, _c2009. |
|
| 300 |
_a322 páginas ; _c28 centímetros |
||
| 300 | _aCD | ||
| 336 |
_atext _2rdacontent |
||
| 337 |
_aunmediated _2rdamedia |
||
| 338 |
_avolume _2rdacarrier |
||
| 505 | 0 | _aThe alphabet and rules of accent -- The verb system - active voice: present, future, aorist, perfect -- Verbs: continued:the middle and passive voices -- Nouns: first and second declension -- Adjectives: first/second declesion -- Nouns: third declension -- Prepositions, personal pronouns, enclitics -- Pronouns: demostrative, relative, interrogative, and indefinite -- Verbs: imperatives and infinitives -- Verbs: imperfect and second aorist -- Verbs: "Mi -verbs" -- Verbs: the subjunctive mood -- Verbs: participles -- Verbs: contract verbs and mute and liquid verbs -- Adjectives and adverbs, numbers, comparison -- Verbs: the optative and remaining forms -- Adjustments to classical greek -- Principal parts listed alphabetically -- Perfect parts listed alphabetically. | |
| 526 | _aSEG42 | ||
| 526 | _aSEG41 | ||
| 526 | _aSEG40 | ||
| 526 | _aSEG39 | ||
| 526 | _aP94 | ||
| 526 | _aP87 | ||
| 526 | _aP86 | ||
| 526 | _aP85 | ||
| 526 | _aP77 | ||
| 526 | _aP76 | ||
| 526 | _aP35 | ||
| 541 | _g001-0000508; | ||
| 650 | 0 | 4 |
_aGriego bíblico _xGramática _vProblemas, ejercicios, etc. |
| 910 |
_agl _bjck _d20110217 |
||
| 942 |
_2ddc _cBOOK |
||
| 949 |
_a220.48 C59 _wDEWEY _c1 _i62633 _lCCODEBUL1 _mBUL _p40.00 _r0 _sY _tBOOK _u2015-7-6 _xTEOLOGIA _PP35 _0COMPRA _o.STAFF. Colección General |
||
| 994 |
_aC0 _bPEPRU |
||
| 596 | _a1 | ||
| 999 |
_a220.48 C59 _wDEWEY _c51732 _i62633 _d51732 _f2021-11-9 _g5 _lCCODEBUL1 _mBUL _p40.00 _q1 _r0 _sY _tBOOK _u2015-7-6 _xTEOLOGIA _PP35 _0COMPRA _o.STAFF. Colección General |
||
| 980 |
_81 _gALBERTO SANCHEZ Responsable de Automatización |
||